000 00596nam a22001937a 4500
999 _c14412
_d14412
003 AR-CdUCM
008 190423b ||||| |||| 00| 0 spa d
020 _a978-9972-40-407-8
040 _aMUNICIPALIDAD PROVINCIAL DEL CUSCO
_cBIBLIOTECA MUNICIPAL DEL CUSCO
082 _aPI / 794 /
_bW32
100 _aWatanabe, José
_917790
245 _aAndrés Nuez :
_bCuenta hasta diez /
260 _aLima :
_bPeisa quirquincho,
_c2009.
300 _c19 cm.
505 _aContenido :Andrés Nuez, cuenta hasta diez ...
650 _aCuentos
_9217
942 _2ddc
_cLIBROS
945 _arum
_d2019-04-23